Sir George Somers : a man and his times (Record no. 2813)

000 -LEADER
fixed length control field 00446nam a22000977a 4500
008 - FIXED-LENGTH DATA ELEMENTS--GENERAL INFORMATION
fixed length control field 180813b ||||| |||| 00| 0 eng d
100 ## - MAIN ENTRY--AUTHOR'S NAME
Author's Name Raine, David
245 ## - TITLE STATEMENT
Title Sir George Somers : a man and his times
260 ## - PUBLICATION, DISTRIBUTION, ETC. (IMPRINT)
Date of publication, distribution, etc. 1986
Plate or publisher's number for music (Pre-AACR 2) [OBSOLETE, CAN/MARC], [LOCAL, USA] Pompano Publications
650 ## - TOPICAL TERM (Tag)
Topical term or geographic name Somers, George, Sir, 1554-1610. Explorers--Great Britain--Biography. Merchant mariners--Great Britain--Biography. Virginia--History--Colonial period, ca. 1600-1775. Bermuda Islands--History.
Holdings
Withdrawn status Lost status Source of classification or shelving scheme Damaged status Koha normalized classification for sorting Not for loan Collection code Permanent Location Current Location Shelving location Date acquired Total Checkouts Full call number Barcode Date last seen Date last checked out Price effective from
        DA008622 S66 R35   David and Susan Bushard Northern Philatelic Library Northern Philatelic Library General Stacks 08/13/2018 1 DA86.22.S66 R35 1000791 08/30/2018 08/18/2018 08/13/2018

Powered by Koha